| 000 -LEADER |
| fixed length control field |
00492nam a22001697a 4500 |
| 008 - FIXED-LENGTH DATA ELEMENTS--GENERAL INFORMATION |
| fixed length control field |
150602b xxu||||| |||| 00| 0 eng d |
| 020 ## - INTERNATIONAL STANDARD BOOK NUMBER |
| International Standard Book Number |
0534926819 |
| 041 0# - LANGUAGE CODE |
| Language code of text/sound track or separate title |
eng |
| 080 ## - UNIVERSAL DECIMAL CLASSIFICATION NUMBER |
| Universal Decimal Classification number |
338 |
| 100 1# - Rafti |
| Rafti |
Stahl, Michael J. |
| 245 10 - TITLE STATEMENT |
| Title |
Strategic management for decision making / |
| Statement of responsibility, etc |
Michael J. Stahl, David W. Grigsby. |
| 260 ## - |
| -- |
Boston : |
| -- |
PWS-Kent Pub. Co., |
| -- |
1992. |
| 300 ## - |
| -- |
999 f. : |
| -- |
me il.; |
| -- |
24 cm. |
| 650 #0 - |
| -- |
Planifikimi Strategjik |
| 700 1# - |
| -- |
Grigsby, David W. |
| 942 ## - ADDED ENTRY ELEMENTS (KOHA) |
| Source of classification or shelving scheme |
|
| Item type |
Books |